000 01248nam a2200229Ia 4500
001 L230-5776
003 IT-CnALBA
008 170116s9999||||xx |||||||||||||| ||und||
040 _aIT-CnALBA
_cIT-CnALBA
041 _aLATINO
100 _aCARTECHINI SISTO
245 0 _aDE VALORE NOTARUM THEOLOGICARUM. DE CRITERIIS AD EAS DIGNOSCENDAS.
250 _a1a ed.
260 _aROMA
_bGREGORIANA PONTIFICIA UNIVERSITÀ
_c1951 [1° Ed.:1951 - Ed.Ling.Originale: 1951]
300 _a230 p. (prefazione: 5)
500 _aDOPPIONE. NOTE TEOLOGICHE E CENSURE. VERITÀ DI FEDE DIVINA. MAGISTERO. FEDE ECCLESIASTICA. ERRORE NELLA FEDE. PROPOSIZIONE PROSSIMA ALLA FEDE. PROPOSIZIONE TEOLOGICAMENTE CERTA. PROPOSIZIONE CERTA. PROPOSIZIONE TEMERARIA. RAPPORTO TRA LE NOTE. IMMUTABILIT
501 _aSocietà San Paolo EM - Piazza San Paolo, 14 - 12051 ALBA (CN) (non commercial uses only) ® Copyright 2017
520 _aDOPPIONE. NOTE TEOLOGICHE E CENSURE. VERITÀ DI FEDE DIVINA. MAGISTERO. FEDE ECCLESIASTICA. ERRORE NELLA FEDE. PROPOSIZIONE PROSSIMA ALLA FEDE. PROPOSIZIONE TEOLOGICAMENTE CERTA. PROPOSIZIONE CERTA. PROPOSIZIONE TEMERARIA. RAPPORTO TRA LE NOTE. IMMUTABILIT
650 _aDOGMATICA CRISTIANA
942 _cBK
957 _71
999 _a6755
_bNO
_g Copie: 1
_c264961
_d264961